Những món ăn đãi tiệc

שמור ב:
מידע ביבליוגרפי
מחבר ראשי: Trần, Kim Mai
פורמט: ספר
שפה:Undetermined
יצא לאור: Thành phố Hồ Chí Minh Thanh Niên 1997
נושאים:
תגים: הוספת תג
אין תגיות, היה/י הראשונ/ה לתייג את הרשומה!
Thư viện lưu trữ: Trung tâm Học liệu Trường Đại học Cần Thơ
LEADER 00532nam a2200193Ia 4500
001 CTU_95631
008 210402s9999 xx 000 0 und d
020 |c 29000 
082 |a 641.5 
082 |b M103 
100 |a Trần, Kim Mai 
245 0 |a Những món ăn đãi tiệc 
245 0 |c Trần Kim Mai 
260 |a Thành phố Hồ Chí Minh 
260 |b Thanh Niên 
260 |c 1997 
650 |a Cookery, vietnamese 
904 |i Minh,Hải 
980 |a Trung tâm Học liệu Trường Đại học Cần Thơ